Countries with the Most Tourists A-Z - Statistics

General Stats
  • This quiz has been taken 1,094 times
  • The average score is 19 of 24
Answer Stats
Tourists Country % Correct
F 83,767,000 France
97%
U 75,011,000 United States
97%
J 13,413,000 Japan
92%
Q 2,826,000 Qatar
92%
G 32,999,000 Germany
91%
C 55,622,000 China
90%
O 1,519,000 Oman
90%
Y 990,000 Yemen
90%
R 32,421,000 Russia
88%
Z 1,905,000 Zimbabwe
88%
I 48,576,000 Italy
87%
S 64,995,000 Spain
86%
D 10,267,000 Denmark
85%
H 12,140,000 Hungary
80%
T 39,811,000 Turkey
77%
V 7,874,000 Vietnam
76%
A 25,291,000 Austria
74%
M 29,346,000 Mexico
74%
P 16,000,000 Poland
70%
E 9,628,000 Egypt
68%
N 13,925,000 Netherlands
61%
K 4,560,000 Kazakhstan
58%
L 3,164,000 Laos
57%
B 10,452,000 Bahrain
21%
No matching quizzes found
Score Distribution
Percent of People with Each Score
Percentile by Number Answered
Your Score History
You have not taken this quiz